NLSUI OPAC header image

Ramayana. (Record no. 212425)

MARC details
000 -LEADER
fixed length control field 01402cam a2200337 a 4500
001 - CONTROL NUMBER
control field 13928268
005 - DATE AND TIME OF LATEST TRANSACTION
control field 20240312180736.0
008 - FIXED-LENGTH DATA ELEMENTS--GENERAL INFORMATION
fixed length control field 050413s2005 nyu 001 p eng
010 ## - LIBRARY OF CONGRESS CONTROL NUMBER
LC control number 2005010435
020 ## - INTERNATIONAL STANDARD BOOK NUMBER
International Standard Book Number 9780814752074 (cloth : alk. paper)
020 ## - INTERNATIONAL STANDARD BOOK NUMBER
International Standard Book Number 0814752071 (cloth : alk. paper)
041 1# - LANGUAGE CODE
Language code of text/sound track or separate title eng
-- san
Language code of original san
082 00 - DEWEY DECIMAL CLASSIFICATION NUMBER
Classification number 294.5
Edition number 22
100 0# - MAIN ENTRY--PERSONAL NAME
Personal name Vālmīki.
240 10 - UNIFORM TITLE
Uniform title Rāmāyaṇa.
Name of part/section of a work Kiṣkindhākāṇḍa.
Language of a work English & Sanskrit
245 10 - TITLE STATEMENT
Title Ramayana.
Number of part/section of a work Book four,
Name of part/section of a work Kiṣkindhā /
Statement of responsibility, etc. by Vālmīki ; translated by Rosalind Lefeber.
246 30 - VARYING FORM OF TITLE
Title proper/short title Kiṣkindhā
246 18 - VARYING FORM OF TITLE
Title proper/short title Ramáyana.
Number of part/section of a work IV,
Name of part/section of a work Kishkíndha
250 ## - EDITION STATEMENT
Edition statement 1st ed.
260 ## - PUBLICATION, DISTRIBUTION, ETC.
Place of publication, distribution, etc. New York :
Name of publisher, distributor, etc. New York University Press :
-- JJC Foundation,
Date of publication, distribution, etc. 2005.
300 ## - PHYSICAL DESCRIPTION
Extent 415 p. ;
Dimensions 17 cm.
440 #4 - SERIES STATEMENT/ADDED ENTRY--TITLE
Title The Clay Sanskrit library
500 ## - GENERAL NOTE
General note Epic poetry.
500 ## - GENERAL NOTE
General note Translation originally published as: The Rāmāyaṇa of Vālmīki : an aepic of ancient India. Volume IV, Kiṣkindhākāṇḍa. Princeton, 1994.
500 ## - GENERAL NOTE
General note Includes index.
546 ## - LANGUAGE NOTE
Language note In English and Sanskrit
Information code or alphabet (romanized) on facing pages; translated from Sanskrit.
700 1# - ADDED ENTRY--PERSONAL NAME
Personal name Lefeber, Rosalind.
856 42 - ELECTRONIC LOCATION AND ACCESS
Materials specified Publisher description
Uniform Resource Identifier <a href="http://www.loc.gov/catdir/enhancements/fy0730/2005010435-d.html">http://www.loc.gov/catdir/enhancements/fy0730/2005010435-d.html</a>
856 42 - ELECTRONIC LOCATION AND ACCESS
Materials specified Contributor biographical information
Uniform Resource Identifier <a href="http://www.loc.gov/catdir/enhancements/fy0808/2005010435-b.html">http://www.loc.gov/catdir/enhancements/fy0808/2005010435-b.html</a>
942 ## - ADDED ENTRY ELEMENTS (KOHA)
Source of classification or shelving scheme Dewey Decimal Classification
Koha item type BOOKs
Holdings
Withdrawn status Lost status Source of classification or shelving scheme Materials specified (bound volume or other part) Damaged status Not for loan Home library Current library Shelving location Date acquired Source of acquisition Total Checkouts Full call number Barcode Date last seen Price effective from Koha item type Public note
    Dewey Decimal Classification HB     . . General Stacks 12.03.2024 Purchased - Segment Book   294.5 VAL - IV 39490 12.03.2024 12.03.2024 BOOKs Recommended by Dr. Chandraban P Yadav